<?xml version="1.0" encoding="UTF-8"?><?xml-stylesheet type="text/xsl" href="static/style.xsl"?><OAI-PMH xmlns="http://www.openarchives.org/OAI/2.0/" xmlns:xsi="http://www.w3.org/2001/XMLSchema-instance" xsi:schemaLocation="http://www.openarchives.org/OAI/2.0/ http://www.openarchives.org/OAI/2.0/OAI-PMH.xsd"><responseDate>2026-04-18T02:24:48Z</responseDate><request verb="GetRecord" identifier="oai:riubu.ubu.es:10259/7794" metadataPrefix="marc">https://riubu.ubu.es/oai/request</request><GetRecord><record><header><identifier>oai:riubu.ubu.es:10259/7794</identifier><datestamp>2023-09-06T22:01:40Z</datestamp><setSpec>com_10259_2699</setSpec><setSpec>col_10259_2705</setSpec></header><metadata><record xmlns="http://www.loc.gov/MARC21/slim" xmlns:doc="http://www.lyncode.com/xoai" xmlns:xsi="http://www.w3.org/2001/XMLSchema-instance" xmlns:dcterms="http://purl.org/dc/terms/" xsi:schemaLocation="http://www.loc.gov/MARC21/slim http://www.loc.gov/standards/marcxml/schema/MARC21slim.xsd">
<leader>00925njm 22002777a 4500</leader>
<datafield tag="042" ind1=" " ind2=" ">
<subfield code="a">dc</subfield>
</datafield>
<datafield tag="720" ind1=" " ind2=" ">
<subfield code="a">Zorrilla Revilla, Guillermo</subfield>
<subfield code="e">author</subfield>
</datafield>
<datafield tag="260" ind1=" " ind2=" ">
<subfield code="c">2021</subfield>
</datafield>
<datafield tag="520" ind1=" " ind2=" ">
<subfield code="a">La tesis doctoral de Guillermo Zorrilla Revilla dentro del programa interuniversitario “Evolución&#xd;
humana, Paleoecología del Cuaternario y Técnicas Geofísicas Aplicadas a la Investigación" se han&#xd;
centrado en comprender cómo actúa la energía en la conducta y la biología de los individuos&#xd;
subadultos. Por ello, el principal interés de esta investigación es estudiar cómo afecta la energía&#xd;
a la puesta en marcha de diferentes actividades de subsistencia imprescindibles en los grupos&#xd;
de cazadores y recolectores, como: el inicio de la división de labores por sexo, el papel activo y&#xd;
la productividad de los individuos subadultos dentro de un grupo humano y, finalmente, si el&#xd;
coste de la locomoción y la velocidad óptima alcanzada por sujetos subadultos puede limitar la&#xd;
movilidad y la puesta en marcha de actividades que dependen de la locomoción en grupos&#xd;
humanos.&#xd;
Para ello se han empleado datos de dos estudios experimentales llevados a cabo en el&#xd;
Laboratorio de Bioenergía y Análisis del Movimiento del Centro Nacional de Investigación sobre&#xd;
la Evolución Humana (CENIEH), con una muestra de 118 voluntarios/as.&#xd;
Los resultados obtenidos en el conjunto de las pruebas revelan que, tanto la energía gastada,&#xd;
como la eficiencia en una actividad productiva, no explican la división de labores entre sexos.&#xd;
Por otro lado, el gasto energético actividades de extracción de recursos bien se cubriría con el&#xd;
retorno calórico facilitado por diferentes autores. Finalmente, ni la velocidad ni la energía al&#xd;
caminar de los individuos subadultos condicionarían a la hora de acompañar a un grupo adulto&#xd;
de cazadores y recolectores, ni durante la movilidad ni mientras se captan recursos.&#xd;
La tesis doctoral ha concluido que todas estas ventajas habrían podido propiciar en la especie&#xd;
Homo sapiens un ahorro de energía que, directamente, no solo beneficia al individuo subadulto,&#xd;
sino también a otros individuos del grupo que se encargan de su cuidado.</subfield>
</datafield>
<datafield tag="520" ind1=" " ind2=" ">
<subfield code="a">The main interest of this Ph.D. Dissertation is to understand the key-role of the energy&#xd;
in the relationship between humans and the environment, since energy is the factor&#xd;
that models and adjusts the biological and behavioural adaptations of all living organisms and, by extension, of humans too.&#xd;
Several studies within the Human Behavioural Ecology have used the energy to&#xd;
understand human adaptation and adaptability. This adaptability is the main result&#xd;
of human plasticity, acquired thanks to the prolonged immaturity of Homo sapiens.&#xd;
However, fewer studies have focused on understanding how energy affects subadult&#xd;
behaviour and biology. Therefore, the main interest of this research is to study how&#xd;
energy affects the implementation of different essential human behaviours in huntergatherer societies. Specifically, it will be evaluated if the onset of division of labour by&#xd;
sex is caused by differences in the efficiency and the energetic demands of different&#xd;
individuals. In addition, the active role and the productivity of non-adult individuals&#xd;
will be assessed, together with possible energetic limitations in this regard. Finally,&#xd;
the cost of locomotion and the optimal speed will be analysed to test if non-adult&#xd;
individuals limit group mobility or the participation in foraging activities involving&#xd;
locomotion. Consequently, it will be discussed if energy is a limitation while learningby-doing complex activities, commonly practiced by Homo sapiens species, and how&#xd;
this affects the energetic dynamics of a human group.</subfield>
</datafield>
<datafield tag="024" ind2=" " ind1="8">
<subfield code="a">http://hdl.handle.net/10259/7794</subfield>
</datafield>
<datafield tag="024" ind2=" " ind1="8">
<subfield code="a">10.36443/10259/7794</subfield>
</datafield>
<datafield ind1=" " ind2=" " tag="653">
<subfield code="a">Subadultos</subfield>
</datafield>
<datafield ind1=" " ind2=" " tag="653">
<subfield code="a">Gasto energético</subfield>
</datafield>
<datafield ind1=" " ind2=" " tag="653">
<subfield code="a">Historia biológica</subfield>
</datafield>
<datafield ind1=" " ind2=" " tag="653">
<subfield code="a">Cazadores-recolectores</subfield>
</datafield>
<datafield ind1=" " ind2=" " tag="653">
<subfield code="a">Ecológica del comportamiento humano.</subfield>
</datafield>
<datafield ind1=" " ind2=" " tag="653">
<subfield code="a">Subadults</subfield>
</datafield>
<datafield ind1=" " ind2=" " tag="653">
<subfield code="a">Energy expenditure</subfield>
</datafield>
<datafield ind1=" " ind2=" " tag="653">
<subfield code="a">Life history</subfield>
</datafield>
<datafield ind1=" " ind2=" " tag="653">
<subfield code="a">Hunter-gatherers</subfield>
</datafield>
<datafield ind1=" " ind2=" " tag="653">
<subfield code="a">Human behavioural ecology</subfield>
</datafield>
<datafield tag="245" ind1="0" ind2="0">
<subfield code="a">Demandas energéticas de actividades de subsistencia  en individuos subadultos. Contribuciones a la Ecología del Comportamiento humano</subfield>
</datafield>
</record></metadata></record></GetRecord></OAI-PMH>